Normal view MARC view
  • Moulana Muhammad Idrees Sarwar

Entry Personal Name

Number of records used in: 4

001 - CONTROL NUMBER

  • control field: 26363

003 - CONTROL NUMBER IDENTIFIER

  • control field: NUST

005 - DATE AND TIME OF LATEST TRANSACTION

  • control field: 20191202180634.0

008 - FIXED-LENGTH DATA ELEMENTS

  • fixed length control field: 191202|| aca||aabn | a|a d

040 ## - CATALOGING SOURCE

  • Original cataloging agency: NUST
  • Transcribing agency: NUST

100 ## - HEADING--PERSONAL NAME

  • Personal name: Moulana Muhammad Idrees Sarwar

670 ## - SOURCE DATA FOUND

  • Source citation: Work cat.: (NUST): Moulana Muhammad Idrees Sarwar, Islam aur Humari Zindagi (Vol 1 - 10), c2010
© 2023 Central Library, National University of Sciences and Technology. All Rights Reserved.